Charles Fenton Mercer correspondence, (Record no. 40518)

MARC details
000 -LEADER
fixed length control field 01548cpcaa2200349 a 4500
001 - CONTROL NUMBER
control field mm 79000664
003 - CONTROL NUMBER IDENTIFIER
control field DLC
005 - DATE AND TIME OF LATEST TRANSACTION
control field 20260227111633.0
008 - FIXED-LENGTH DATA ELEMENTS--GENERAL INFORMATION
fixed length control field 850606|||||||||||| eng
010 ## - LIBRARY OF CONGRESS CONTROL NUMBER
LC control number mm 79000664
Canceled/invalid LC control number mm 79003209
040 ## - CATALOGING SOURCE
Original cataloging agency DLC
Transcribing agency DLC
Modifying agency DLC
Description conventions dacs
072 #7 - SUBJECT CATEGORY CODE
Subject category code N
Source lcmd
100 1# - MAIN ENTRY--PERSONAL NAME
Personal name Mercer, Charles Fenton,
Dates associated with a name 1778-1858.
245 00 - TITLE STATEMENT
Title Charles Fenton Mercer correspondence,
Inclusive dates 1825-1832.
300 ## - PHYSICAL DESCRIPTION
Extent 8
Type of unit items.
506 0# - RESTRICTIONS ON ACCESS NOTE
Terms governing access Open to research.
520 8# - SUMMARY, ETC.
Summary, etc. Letter (1825) and correspondence (1832) regarding loans for the Chesapeake and Ohio Canal. Includes an ALS (1832 December 25) from John Peter Van Ness to Phineas Janney pertaining to the loans.
545 0# - BIOGRAPHICAL OR HISTORICAL DATA
Biographical or historical data U.S. representative from Virginia, U.S. army officer, and canal official.
546 ## - LANGUAGE NOTE
Language note Collection material in English.
580 ## - LINKING ENTRY COMPLEXITY NOTE
Linking entry complexity note Forms part of: Miscellaneous Manuscripts collection.
583 ## - ACTION NOTE
Action Portion of the collection formerly cataloged under Washington (D.C.) Letters, 1832.
600 10 - SUBJECT ADDED ENTRY--PERSONAL NAME
Personal name Janney, Phineas
Form subdivision Correspondence.
600 10 - SUBJECT ADDED ENTRY--PERSONAL NAME
Personal name Van Ness, John Peter,
Dates associated with a name 1770-1846
Form subdivision Correspondence.
651 #0 - SUBJECT ADDED ENTRY--GEOGRAPHIC NAME
Geographic name Chesapeake and Ohio Canal (Md. and Washington, D.C.)
650 #0 - SUBJECT ADDED ENTRY--TOPICAL TERM
Topical term or geographic name entry element Canals
Geographic subdivision Maryland.
650 #0 - SUBJECT ADDED ENTRY--TOPICAL TERM
Topical term or geographic name entry element Canals
Geographic subdivision Washington (D.C.)
656 #7 - INDEX TERM--OCCUPATION
Occupation Army officers.
Source of term itoamc
656 #7 - INDEX TERM--OCCUPATION
Occupation Canal officials.
Source of term itoamc
656 #7 - INDEX TERM--OCCUPATION
Occupation Representatives, U.S. Congress
Geographic subdivision Virginia.
Source of term itoamc

No items available.

Powered by Koha